00436 2200157 4500001002100000005001500021035002000036245009400056100002400150300001200174260003600186082000800222084001400230020002200244990001200266INLIS00000000000189920250520092501 a0010-05250001911 aShow Off Plizz :bTunjukkan Dirimu, Lukis Cintamu, Ukir Kiprahmu ! /cRirin Astutiningrum0 aRirin Astutiningrum a182 hlm aJakarta :bMedia Pusindo,c2017 a813 a813 RIR s a978-602-892-296-8 a0754789